Bilecik Bilecik Bilecik Bilecik Bilecik

İnce sözler/ (Record no. 10997)

MARC details
000 -BAŞLIK
Sabit Uzunluktaki Kontrol Alanı 01874nam a22004097a 4500
001 - KONTROL NUMARASI
Control Dosyası 0011027
003 - KONTROL NUMARASI KİMLİĞİ
Kontrol Alanı KOHA_MİRAKIL
005 - EN SON İŞLEM TARİHİ ve ZAMANI
Kontrol Alanı 20260207001802.0
007 - FİZİKSEL TANIM SABİT ALAN - GENEL BİLGİ
Sabit uzunluklu kontrol alanı ta
008 - SABİT UZUNLUKTAKİ VERİ ÖGELERİ - GENEL BİLGİ
Sabit Alan 091123b2004 tu |||gr||||#0|||e|tur |
020 ## - ISBN - ULUSLARARASI STANDART KİTAP NUMARASI
Isbn 9799754372945
020 ## - ISBN - ULUSLARARASI STANDART KİTAP NUMARASI
Isbn 9754372942
040 ## - KATALOGLAMA KAYNAĞI
Özgün Kataloglama Kurumu TR-BiSEU
Kataloglama Dili tur
Çeviri Kurumu TR-BiSEU
Açıklama Kuralları rda
041 0# - DİL KODU
Metin ya da ses kaydının dil kodu tur
044 ## - YAYINLAYAN/ÜRETEN KURULUŞUN ÜLKE KODU
ISO country code tu
050 ## - SINIFLAMA ve YER NUMARASI
Sınıflama Numarası PL243
Yer Numarası .C65 2004
100 1# - KİŞİ ADI
Yazar Adı (Kişi adı) Çolak, Ali.
245 1# - ESER ADI BİLDİRİMİ
Başlık İnce sözler/
Sorumluluk Bildirimi Ali Çolak ; Ali Çolak.
250 ## - BASIM BİLDİRİMİ
Basım Bildirimi 3. basım
264 #1 - ÜRERİM, YAYIN, DAĞITIM ve TELİF BİLDİRİMİ
Yayın yeri İstanbul :
Yayınlayan Ötüken
Yayın tarihi 2004
300 ## - FİZİKSEL TANIMLAMA
Sayfa, Cilt vb. 157 sayfa; 20 cm.
336 ## - İÇERİK TÜRÜ
Content type term metin
Content type code txt
Source rdacontent
337 ## - MEDYA TÜRÜ
Media type term aracısız
Media type code n
Source rdamedia
338 ## - TAŞIYICI TÜRÜ
Carrier type term cilt
Carrier type code nc
Source rdacarrier
490 1# - DİZİ BİLDİRİMİ
Dizi Bildirimi Yayın no.
490 1# - DİZİ BİLDİRİMİ
Dizi Bildirimi ;
Cilt Numarası 428.
490 1# - DİZİ BİLDİRİMİ
Dizi Bildirimi Kul̈tur serisi ;
Cilt Numarası 155.
500 ## - GENEL NOT
Genel Not Short stories.
505 ## - İÇİNDEKİLER NOTU
İçindekiler Notu Evlerden, sokaklardan, karşılaşmalardan, ayrılıklardan söz açıyor. Şehirlere, tren yolculuklarına, karlı gece yürüyüşlerine ve memleket türkülerine dokunup geçiyor. Oralardan devşirdiği sesleri ve kokuları, gülümsemeleri ve hüzünleri getiriyor önünüze. Denemenin imkânlarını kullanarak sizi bazen bir hikâyenin içine çekiyor, çoğu zaman da şiirin dolayında gezdiriyor. Sonra yüzüne tutuyor aynasını, içinin sesini dinliyor; arada eleştiriyor, hırpalıyor kendini; yeri geldikçe de aferinlere boğduğu oluyor. Yerli yabancı pek çok şairi, yazarı çıkarıyor yolunuzun üstüne. Onların dizelerinden, cümlelerinden damıtılmış altın sarısı sözler sunuyor. İnce Sözler içinizde yaşamı sevme, iyi insanlar ve iyi zamanlar arama isteği kabartıyor.
650 #0 - KONU BAŞLIĞI EK GİRİŞ - KONU TERİMİ
Konusal terim veya coğrafi ad Turkish essays.
9 (RLIN) 6266
650 #0 - KONU BAŞLIĞI EK GİRİŞ - KONU TERİMİ
Konusal terim veya coğrafi ad Turkish literature.
9 (RLIN) 7987
830 1# - SERİ EK GİRİŞİ - TEKBİÇİM ESER ADI
Tekbiçim Başlık Yayın no.
9 (RLIN) 1619
830 1# - SERİ EK GİRİŞİ - TEKBİÇİM ESER ADI
Tekbiçim Başlık ;
Volume number/sequential designation 428.
9 (RLIN) 1620
830 1# - SERİ EK GİRİŞİ - TEKBİÇİM ESER ADI
Tekbiçim Başlık Kul̈tur serisi ;
Volume number/sequential designation 155.
9 (RLIN) 26861
907 ## - LOCAL DATA ELEMENT G, LDG (RLIN)
a Deneme
942 ## - EK GİRİŞ ÖGELERİ (KOHA)
Source of classification or shelving scheme Library of Congress Classification
Koha item type Book
Holdings
Materyal Türü Kalıcı Konum Mevcut Konum Raf Yeri Sınıflandırma Kaynağı Edinim Bilgisi Ana Konular Alt Konular Yer Numarası Demirbaş Numarası Fatura Tarihi Maliyet, Alış Fiyatı Maliyet, Yenileme Fiyatı Geri Çekilme Durumu Kayıp Durumu Hasarlı Durumu Kredi için değil Kayıt Tarih Toplam Ödünçverme Son Görülme Tarihi Son Kontrol Tarihi Genel / Bağış Notu
Book Prof. Dr. Azmi Özcan Kütüphanesi Prof. Dr. Azmi Özcan Kütüphanesi Birûni Salonu Library of Congress Classification Bağış DİL VE EDEBİYAT Doğu Asya, Afrika, Okyanusya Dilleri ve Edebiyatları PL243 .C65 2004 0011027 13/08/2010 8.00 8.00         23/11/2009 7 05/12/2024 05/12/2024 Genel Bağış